000 00389nam a22001577a 4500
003 MPLRDC
005 20220104123800.0
008 210129b ||||| |||| 00| 0 eng d
082 _a414.9 LJS
100 _a刘杰三等编
245 _a中医经验集锦
_c
260 _a
_b艺美图书公司
_c1971
300 _b
650 _a中医医案; 中医病例
942 _cBK
_o414.9 LJS
999 _c14155
_d14145